| 000 | 00476nam a22001457a 4500 | ||
|---|---|---|---|
| 005 | 20150122163841.0 | ||
| 008 | 150122b xxu||||| |||| 00| 0 eng d | ||
| 020 | _a9781118915059 | ||
| 050 |
_aLB 2300 _b.Un56 2014 |
||
| 245 |
_aUndergraduate global education : _bissues for faculty, staff, and students / _cedited by Ann Highum. |
||
| 260 |
_aU.S.A. : _bWiley Periodical Inc., _cc2014. |
||
| 300 |
_a100 pages : _c21 cm. |
||
| 650 | _aGlobal education. | ||
| 942 |
_2lcc _cBK _kFOR |
||
| 999 |
_c277378 _d277378 |
||